000 00485nam a2200169Ia 4500
003 GCL
005 20240530103315.0
008 140319s9999 xx 000 0 ara d
040 _aGCL /
_cGCL
082 0 4 _a335.43
_bل م
100 1 _aلينين
245 1 0 _aمقالات حول تولستوى (هدية من الاديب عبدالفتاح الجمل) /
_cلينين
300 _a25 ص
650 0 4 _aالاشتراكية
650 0 4 _aتولستوى, ليو
942 _2ddc
_cBK
999 _c38379
_d38379